Fluid Mechanics (Record no. 3599)

MARC details
000 -LEADER
fixed length control field 00809cam a2200277 a 4500
001 - CONTROL NUMBER
control field 517908
003 - CONTROL NUMBER IDENTIFIER
control field OSt
005 - DATE AND TIME OF LATEST TRANSACTION
control field 20161206134836.0
008 - FIXED-LENGTH DATA ELEMENTS--GENERAL INFORMATION
fixed length control field 861204s1987 enkacf b 001 0 eng
010 ## - LIBRARY OF CONGRESS CONTROL NUMBER
LC control number 86030498
020 ## - INTERNATIONAL STANDARD BOOK NUMBER
International Standard Book Number 0080339336 :
020 ## - INTERNATIONAL STANDARD BOOK NUMBER
International Standard Book Number 0080339328
040 ## - CATALOGING SOURCE
Original cataloging agency DLC
Transcribing agency DLC
Modifying agency DLC
041 1# - LANGUAGE CODE
Language code of text/sound track or separate title engrus
050 00 - LIBRARY OF CONGRESS CALL NUMBER
Classification number QA901
Item number .L283 1987
082 00 - DEWEY DECIMAL CLASSIFICATION NUMBER
Classification number 532
Edition number 19
Item number LAN 1987
100 1# - MAIN ENTRY--PERSONAL NAME
Personal name Landau, L. D.; E.M. Lifshitz
Dates associated with a name 1908-1968.
9 (RLIN) 8031
245 10 - TITLE STATEMENT
Title Fluid Mechanics
Statement of responsibility, etc.
250 ## - EDITION STATEMENT
Edition statement 2nd Eng. ed., rev.
260 ## - PUBLICATION, DISTRIBUTION, ETC. (IMPRINT)
Place of publication, distribution, etc. Oxford, England ;
Name of publisher, distributor, etc. Pergamon Press,
Date of publication, distribution, etc. 1987.
300 ## - PHYSICAL DESCRIPTION
Extent xiii, 539 p.
Other physical details ill., ports. ;
Dimensions 26 cm.
504 ## - BIBLIOGRAPHY, ETC. NOTE
Bibliography, etc Includes bibliographical references and index.
650 #0 - SUBJECT ADDED ENTRY--TOPICAL TERM
Topical term or geographic name as entry element Fluid mechanics.
9 (RLIN) 8032
906 ## - LOCAL DATA ELEMENT F, LDF (RLIN)
a 7
b cbc
c orignew
d 1
e ocip
f 19
g y-gencatlg
942 ## - ADDED ENTRY ELEMENTS (KOHA)
Source of classification or shelving scheme Dewey Decimal Classification
Koha item type Short Loan
Holdings
Withdrawn status Lost status Source of classification or shelving scheme Damaged status Not for loan Home library Current library Date acquired Inventory number Total Checkouts Full call number Barcode Date last seen Koha item type Source of acquisition Price effective from
    Dewey Decimal Classification     MUST Main Library MUST Main Library 18/04/2016 03/20409   532 LAN 1987 2016-0971 18/04/2016 Short Loan    
    Dewey Decimal Classification     MUST Main Library MUST Main Library 26/04/2016 03/20410   532 LAN 1987 2016-1388 26/04/2016 Short Loan    
    Dewey Decimal Classification     MUST Main Library MUST Main Library 18/06/2024 03/20408   532 LAN 1987 2024-20794 18/06/2024 Open Shelf Donation 18/06/2024